Historia de España
সংরক্ষণ করুন:
| প্রধান লেখক: | |
|---|---|
| বিন্যাস: | গ্রন্থ |
| ভাষা: | স্প্যানিশ |
| প্রকাশিত: |
Barcelona, España
Crítica
1985
|
| সংস্করন: | Vigésimo primera edición |
| মালা: | Temas Hispánicos,
25 |
| বিষয়গুলি: | |
| ট্যাগগুলো: |
ট্যাগ যুক্ত করুন
কোনো ট্যাগ নেই, প্রথমজন হিসাবে ট্যাগ করুন!
|
MARC
| LEADER | 00000nam a2200000 a 4500 | ||
|---|---|---|---|
| 001 | UCP8654 | ||
| 003 | CL-VaPUC | ||
| 005 | 20210813001817.0 | ||
| 008 | 000310e19850000SP |||||||||||||||||spa|d | ||
| 999 | |c 285545 |d 285543 | ||
| 040 | |c Pontificia Universidad Católica de Valparaíso | ||
| 082 | 0 | 4 | |a 946 VIL 1985 |2 21 |
| 100 | 0 | |a Vilar, Pierre |e author |9 438751 | |
| 245 | 1 | 0 | |a Historia de España |
| 250 | |a Vigésimo primera edición | ||
| 260 | |a Barcelona, España |b Crítica |c 1985 | ||
| 300 | |a 180 páginas | ||
| 490 | 0 | |a Temas Hispánicos, |v 25 | |
| 583 | |a last modification |c 20000310 00:00:00 |k Rodrigo Vera | ||
| 650 | 0 | |a Historia |9 255047 | |
| 650 | 0 | |a Edad media |z ESPAÑA |9 258041 | |
| 650 | 7 | |a SIGLO DE ORO |2 CL-VaPUC |9 387955 |z ESPAÑA | |
| 650 | 0 | |a Historia contemporánea |z ESPAÑA |9 343224 | |
| 650 | 0 | |a Monarquía |z ESPAÑA |9 255259 | |
| 650 | 0 | |a Guerra civil |z ESPAÑA |9 320243 | |
| 942 | |c BK |2 ddc | ||
| 945 | |d 20000310 00:00:00 |a lriquelm | ||
| 952 | |0 0 |1 0 |2 ddc |4 0 |6 946_000000000000000_VIL_1985 |7 0 |8 A |9 330228 |a BIBHIS |b BIBHIS |d 2019-11-20 |i 1385534 |o 946 VIL 1985 |p 1385534 |r 2025-01-20 |t 1 |w 2019-11-20 |y BK |k HIS | ||